000 00293nam a2200109Ia 4500
008 190914s9999||||xx |||||||||||||| ||und||
100 _aJohn C.Lee
245 0 _aBusiness and Financial Statistics Using Minitab
260 _aWashington
_bWorld Scientific
_c2010
300 _a160
942 _cBK
999 _c10144
_d10144